000
00331nam a2200133Ia 4500
008
240126s9999 xx 000 0 und d
041
_a
English
100
_a
Morris, Kirsten A.
245
0
_a
Introduction to Feedback Control
260
_b
Harcourt/Academic Press
440
_a
NULL
650
_a
Feedback,Control
942
_c
NP
999
_c
277746
_d
277746